000 01328nam0a22002651 4500
001 rc\2740424
005 20260407014457.0
035 _a(NLR Aleph) 006867587
090 _a6913040
_c6913040
100 _a20110915d1937 |||y0rusy50 ca
101 0 _arus
102 _aRU
105 _aa z |||||
200 1 _aПрейскурант на чугун, ферросплавы, сталь прокатную, качественную сталь, трубы и другие изделия...
_eЯвляется обязательным с 1 окт. 1937 г.
_fГУМП Наркомтяж...
210 _aЛенинград
_aМосква
_cНаркомтяжпром. Гос. контора справочников и каталогов
_d1937
_eЛенинград
_g1 тип. ЛО и С
215 _aОбл., 601, [3] с., из них 6 с. "Для заметок"
_cчерт.
_d22х15 см.
300 _aЗагл. обл.: Черные металлы. Прейскурант
512 0 _aЧерные металлы. Прейскурант
710 0 1 _aСССР
_bГлавное управление металлической промышленности
_9502876
_3RU\NLR\AUTH\8810002821
801 0 _aRU
_bNLR
_gpsbo
801 1 _aRU
_bELAR
_2rusmarc
852 _aNLR
_j37-4/950
942 _cBOOK
980 _aNB